LEADER 01366nam0 22003493i 450 001 TO00948866 005 20251003044408.0 010 $bErr.$z887999270X 100 $a20010829d2000 ||||0itac50 ba 101 | $aita 102 $ait 181 1$6z01$ai $bxxxe 182 1$6z01$an 200 1 $aDiritti umani, diritti dei popoli$fLorella Cedroni 210 $aRoma$cAracne$d2000 215 $a63 p.$d17 cm 225 | $aPuzzle$v2 300 $aBibliogr.: p. 61-63 410 0$1001TO00977544$12001 $aPuzzle$v2 606 $aDiritti dell'uomo$2FIR$3CFIC001352$9I 676 $a323.4$9DIRITTI CIVILI$v20 676 $a341.481$9DIRITTI FONDAMENTALI DELL'UOMO$v21 676 $a341.481$9DIRITTI FONDAMENTALI DELL'UOMO$v22 700 1$aCedroni$b, Lorella$3CFIV070213$4070$0148083 801 3$aIT$bIT-000000$c20010829 850 $aIT-BN0095 $aIT-CE0060 901 $bNAP 01$cD $n$ 912 $aTO00948866 950 0$aBiblioteca Centralizzata di Ateneo$c1 v.$d 01D (C) 000 995$e 01C 0008009955 VMA 1 v.$fY $h20130517$i20130517$c1 v. in due copie$d 01D (C) 000 996$e 01C 0008009965 VMA (bis 1 v. (2. copia)$fY $h20130517$i20130517 977 $a 01$a AS 996 $aDiritti umani, diritti dei popoli$91400139 997 $aUNISANNIO